MARC

LEADER 00000nam0a2200000 4500
001 34171
005 20241228134043.0
035 |a (RuTPU)RU\TPU\book\34551 
035 |a BOOK00001202 
090 |a 34171 
100 |a 20011210d1977 m y0rusy50 ca 
101 0 |a rus 
102 |a RU 
105 |a a j 000yy 
181 0 |a i   |b  e  
182 0 |a n 
183 0 |a nc  |2 RDAcarrier 
200 1 |a Вопросы и задачи по органической химии  |f Т. К. Веселовская, И. В. Мачинская, Н. М. Пржиялговская  |g под ред. Н. Н. Суворова 
203 |a Текст  |b визуальный  |c непосредственный 
210 |a Москва  |c Высшая школа  |d 1977 
215 |a 230 с.  |c ил. 
283 |a volume  |2 RDAcarrier 
606 1 |a Органическая химия  |2 stltpush  |3 (RuTPU)RU\TPU\subj\47309  |9 66362 
610 1 |a задачи 
610 1 |a ациклические соединения 
610 1 |a циклические соединения 
610 1 |a органические соединения 
610 1 |a учебные пособия 
610 1 |a вопросы 
675 |a 547(076)  |v 4 
700 1 |a Веселовская  |b Т. К.  |g Татьяна Константиновна 
701 1 |a Мачинская  |b И. В.  |g Ирина Владимировна 
701 1 |a Пржиялговская  |b Н. М.  |g Нина Михайловна 
702 |4 340  |a Суворов  |b Н. Н. 
801 0 |a RU  |b 63413507  |c 20011210  |g PSBO 
801 2 |a RU  |b 63413507  |c 20160630  |g PSBO 
942 |c BK